<?xml version="1.0" encoding="UTF-8"?>
<record
    xmlns:xsi="http://www.w3.org/2001/XMLSchema-instance"
    xsi:schemaLocation="http://www.loc.gov/MARC21/slim http://www.loc.gov/standards/marcxml/schema/MARC21slim.xsd"
    xmlns="http://www.loc.gov/MARC21/slim">

  <leader>01153nam2a22002771  4500</leader>
  <controlfield tag="001">v19\rc\1540132</controlfield>
  <controlfield tag="005">20250618181255.0</controlfield>
  <datafield tag="035" ind1=" " ind2=" ">
    <subfield code="a">(NLR Aleph) 004658207</subfield>
  </datafield>
  <datafield tag="090" ind1=" " ind2=" ">
    <subfield code="a">3514386</subfield>
    <subfield code="c">3514386</subfield>
  </datafield>
  <datafield tag="100" ind1=" " ind2=" ">
    <subfield code="a">20060620d1888    |||y0rusy50      ca</subfield>
  </datafield>
  <datafield tag="101" ind1="0" ind2=" ">
    <subfield code="a">rus</subfield>
  </datafield>
  <datafield tag="102" ind1=" " ind2=" ">
    <subfield code="a">RU</subfield>
  </datafield>
  <datafield tag="105" ind1=" " ind2=" ">
    <subfield code="a">a   z   |||||</subfield>
  </datafield>
  <datafield tag="200" ind1="0" ind2=" ">
    <subfield code="a">1887-1888 (18-&#x439;) &#x443;&#x447;&#x435;&#x431;&#x43D;&#x44B;&#x439; &#x433;&#x43E;&#x434;</subfield>
  </datafield>
  <datafield tag="210" ind1=" " ind2=" ">
    <subfield code="d">1888</subfield>
    <subfield code="a">&#x411;. &#x43C;.</subfield>
  </datafield>
  <datafield tag="215" ind1=" " ind2=" ">
    <subfield code="a">[3], 88 &#x441;., 1 &#x43B;. &#x438;&#x43B;.</subfield>
  </datafield>
  <datafield tag="461" ind1=" " ind2="0">
    <subfield code="1">001v19\rc\1540131</subfield>
    <subfield code="1">2001#$a&#x41E;&#x442;&#x447;&#x435;&#x442; &#x43E; &#x441;&#x43E;&#x441;&#x442;&#x43E;&#x44F;&#x43D;&#x438;&#x438; &#x418;&#x43C;&#x43F;. &#x41D;&#x438;&#x43A;&#x43E;&#x43B;&#x430;&#x435;&#x432;&#x441;&#x43A;&#x43E;&#x439; &#x433;&#x438;&#x43C;&#x43D;&#x430;&#x437;&#x438;&#x438; &#x432; &#x426;&#x430;&#x440;&#x441;&#x43A;&#x43E;&#x43C; &#x421;&#x435;&#x43B;&#x435;...$v1887-1888 (18-&#x439;) &#x443;&#x447;&#x435;&#x431;&#x43D;&#x44B;&#x439; &#x433;&#x43E;&#x434;</subfield>
    <subfield code="9">3514378</subfield>
    <subfield code="a">&#x426;&#x430;&#x440;&#x441;&#x43A;&#x43E;&#x441;&#x435;&#x43B;&#x44C;&#x441;&#x43A;&#x430;&#x44F; &#x41D;&#x438;&#x43A;&#x43E;&#x43B;&#x430;&#x435;&#x432;&#x441;&#x43A;&#x430;&#x44F; &#x43C;&#x443;&#x436;&#x441;&#x43A;&#x430;&#x44F; &#x433;&#x438;&#x43C;&#x43D;&#x430;&#x437;&#x438;&#x44F;</subfield>
    <subfield code="c">&#x421;&#x430;&#x43D;&#x43A;&#x442;-&#x41F;&#x435;&#x442;&#x435;&#x440;&#x431;&#x443;&#x440;&#x433;</subfield>
    <subfield code="d">1888</subfield>
    <subfield code="t">&#x41E;&#x442;&#x447;&#x435;&#x442; &#x43E; &#x441;&#x43E;&#x441;&#x442;&#x43E;&#x44F;&#x43D;&#x438;&#x438; &#x418;&#x43C;&#x43F;. &#x41D;&#x438;&#x43A;&#x43E;&#x43B;&#x430;&#x435;&#x432;&#x441;&#x43A;&#x43E;&#x439; &#x433;&#x438;&#x43C;&#x43D;&#x430;&#x437;&#x438;&#x438; &#x432; &#x426;&#x430;&#x440;&#x441;&#x43A;&#x43E;&#x43C; &#x421;&#x435;&#x43B;&#x435;...</subfield>
    <subfield code="v">1887-1888 (18-&#x439;) &#x443;&#x447;&#x435;&#x431;&#x43D;&#x44B;&#x439; &#x433;&#x43E;&#x434;</subfield>
  </datafield>
  <datafield tag="801" ind1=" " ind2="0">
    <subfield code="a">RU</subfield>
    <subfield code="b">NLR</subfield>
    <subfield code="g">psbo</subfield>
  </datafield>
  <datafield tag="801" ind1=" " ind2="0">
    <subfield code="a">RU</subfield>
    <subfield code="b">RuMoRGB</subfield>
    <subfield code="2">psbo</subfield>
  </datafield>
  <datafield tag="801" ind1=" " ind2="1">
    <subfield code="a">RU</subfield>
    <subfield code="b">ProSoft-M</subfield>
    <subfield code="2">rusmarc</subfield>
  </datafield>
  <datafield tag="852" ind1=" " ind2=" ">
    <subfield code="a">NLR</subfield>
    <subfield code="j">18.209.6.37</subfield>
  </datafield>
  <datafield tag="899" ind1=" " ind2=" ">
    <subfield code="a">RuMoRGB</subfield>
    <subfield code="j">&#x41C;&#x41A;</subfield>
  </datafield>
  <datafield tag="899" ind1=" " ind2=" ">
    <subfield code="a">RuMoRGB</subfield>
    <subfield code="j">U 24/1140</subfield>
  </datafield>
  <datafield tag="899" ind1=" " ind2=" ">
    <subfield code="a">&#x411;&#x410;&#x41D;</subfield>
  </datafield>
  <datafield tag="942" ind1=" " ind2=" ">
    <subfield code="c">BOOK</subfield>
  </datafield>
  <datafield tag="980" ind1=" " ind2=" ">
    <subfield code="a">NB</subfield>
  </datafield>
  <datafield tag="995" ind1=" " ind2=" ">
    <subfield code="5">2013-10-26</subfield>
    <subfield code="b">NLR02</subfield>
    <subfield code="c">NLR02</subfield>
    <subfield code="e">RFS</subfield>
    <subfield code="f">4658207-10</subfield>
    <subfield code="k">18.209.6.37</subfield>
    <subfield code="o">0</subfield>
    <subfield code="r">BOOK</subfield>
    <subfield code="s">18209637_</subfield>
  </datafield>
  <datafield tag="995" ind1=" " ind2=" ">
    <subfield code="5">2013-10-26</subfield>
    <subfield code="b">NLR01</subfield>
    <subfield code="c">NLR01</subfield>
    <subfield code="e">TEMP</subfield>
    <subfield code="f">4658207-40</subfield>
    <subfield code="o">0</subfield>
    <subfield code="r">BOOK</subfield>
  </datafield>
</record>
